From debt crisis to growth crisis is external debt the cause or the effect of Africa's marginalization?
Saved in:
| Main Author: | |
|---|---|
| Format: | Book |
| Language: | English |
| Published: |
Saarbrücken
VDM Verlag Dr. Müller
[2008]
|
| Subjects: | |
| Tags: |
No Tags, Be the first to tag this record!
|
MARC
| LEADER | 00000nam$a2200000$$$4500 | ||
|---|---|---|---|
| 001 | 0084189 | ||
| 005 | 20240314085735.3 | ||
| 020 | |a 978-3-8364-3464-5 | ||
| 041 | 0 | |a eng | |
| 044 | |a DE | ||
| 245 | 1 | 0 | |a From debt crisis to growth crisis |b is external debt the cause or the effect of Africa's marginalization? |c Menbere Workie Tiruneh |
| 264 | 1 | |a Saarbrücken |b VDM Verlag Dr. Müller |c [2008] | |
| 300 | |a 219 s. | ||
| 610 | 2 | 0 | |a zadlženosť |
| 610 | 2 | 0 | |a kríza |
| 610 | 2 | 0 | |a Afrika |
| 100 | 1 | |a Workie Tiruneh, Menbere | |